00772cam a22002411a 450000100060000000300080000600500170001400800390003103500190007003500190008904000320010804100080014008200240014810000370017224500350020926000380024430000210028265000370030365100320034094200120037299900170038495201290040117130BD-RjUL20211209000107.0140216s1938 nyu 000 1 eng a(BD-RjUL)17187 a(OCoLC)3584826 aDLCcNmUdDLCdBD-RjULbeng aeng04219a813.5bCOB 19381 aCorle, Edwin,d1906-1956.95284110aBurro alley /cby Edwin Corle. aNew York :bRandom House,cc1938. a279 p. ;c21 cm. 0a New MexicovFiction. 952842 0aNew MexicoxFiction.952843 2ddccBK c17130d17130 00102ddc40718NFICaRUCLbRUCLcReadingd1965-08-11eU.S.I.Sl0o813.5 COB 1938r2014-02-16 00:00:00tC-1w2014-02-16yBK